Financial Accounting and Reporting-II Study Text (Record no. 349786)

000 -LEADER
fixed length control field 00636nam a22001817a 4500
003 - CONTROL NUMBER IDENTIFIER
control field OSt
005 - DATE AND TIME OF LATEST TRANSACTION
control field 20180116182959.0
008 - FIXED-LENGTH DATA ELEMENTS--GENERAL INFORMATION
fixed length control field 140922b xxu||||| |||| 00| 0 eng d
020 ## - INTERNATIONAL STANDARD BOOK NUMBER
International Standard Book Number 9789699330346
040 ## - CATALOGING SOURCE
Original cataloging agency 0
Transcribing agency 0
082 ## - DEWEY DECIMAL CLASSIFICATION NUMBER
Classification number 657 ICAP 2013
110 ## - MAIN ENTRY--CORPORATE NAME
Corporate name or jurisdiction name as entry element The Institute of Chartered Accountants of Pakistan
245 ## - TITLE STATEMENT
Title Financial Accounting and Reporting-II Study Text
Remainder of title Revision Notes & Question Bank CAF-07 (3 Part Set)
Statement of responsibility, etc. The Institute of Chartered Accountants of Pakistan
260 ## - PUBLICATION, DISTRIBUTION, ETC.
Place of publication, distribution, etc. UK
Name of publisher, distributor, etc. Woolf International
Date of publication, distribution, etc. 2013
300 ## - PHYSICAL DESCRIPTION
Extent 434p.
Other physical details PB
440 ## - SERIES STATEMENT/ADDED ENTRY--TITLE
Title Financial Accounting and Reporting-I
Number of part/section of a work (3 Part Set)
942 ## - ADDED ENTRY ELEMENTS (KOHA)
Source of classification or shelving scheme
Koha item type Book
Holdings
Withdrawn status Lost status Source of classification or shelving scheme Damaged status Not for loan Collection code Permanent Location Current Location Shelving location Date acquired Total Checkouts Total Renewals Full call number Barcode Date last seen Date last checked out Price effective from Koha item type
            Central Library (CL) Central Library (CL) General Stacks 09/22/2014 16 1 657 ICAP 2013 NBSD-1953 02/17/2025 10/11/2024 09/22/2014 Book
            Central Library (CL) Central Library (CL)   07/16/2019 1   657 ICAP 2013 NBSD-1953-2 09/29/2025 07/16/2019 07/16/2019 Book
© 2023 Central Library, National University of Sciences and Technology. All Rights Reserved.